000
00239nam a2200097Ia 4500
001
881745
005
20250826182646.0
008
250824s9999 xx 000 0 und d
245
0
_a
ERTUĞRUL GAZİ
_c
MUSTAFA AKGÜN
260
_b
PANAMA YAYINLARI
999
_c
881745
_d
881745